Most Iconic Food of Every US State - Statistics

General Stats
  • This quiz has been taken 30 times
  • The average score is 5 of 50
Answer Stats
State Food % Correct
Illinois Deep-Dish Pizza
43%
Oklahoma Steak
39%
Massachusetts Clam Chowder
30%
Florida Key Lime Pie
26%
Mississippi Biscuits
17%
Texas Brisket
17%
Maine Lobster Roll
17%
Pennsylvania Philly Cheesesteak
17%
California Avocado Toast
13%
Ohio Cincinnati Chili
13%
Alaska King Crab
13%
Louisiana Beignets
9%
Georgia Boiled Peanuts
9%
New York Buffalo Wings
9%
Alabama Chicken and White Barbecue Sauce
9%
Wyoming Fry Bread
9%
Kentucky Hot Brown
9%
New Hampshire Poutine
9%
Hawaii Shaved Ice
9%
Nebraska Tin Roof Sundae
9%
Missouri Toasted Ravioli
9%
Connecticut White Clam Pizza
9%
Nevada 3 a.m. Steak & Eggs
4%
Vermont Apple Pie (with cheddar)
4%
Kansas Barbecue Ribs
4%
Indiana Breaded Pork Tenderloin Sandwich
4%
North Dakota Cheese Buttons
4%
Arizona Chimichangas
4%
Rhode Island Coffee Milk
4%
New Jersey Disco Fries
4%
Wisconsin Fried Cheese Curds
4%
Arkansas Fried Pickles
4%
Delaware Fries with Vinegar
4%
New Mexico Frito Pie
4%
Utah Fry Sauce
4%
Minnesota Hot Dish
4%
Montana Huckleberry Ice Cream
4%
Idaho Ice Cream Potato
4%
Colorado Lamb Chops
4%
South Dakota Lefse
4%
North Carolina Lexington-Style Barbecue
4%
Oregon Marionberry Pie
4%
Tennessee Nashville Hot Chicken Sandwich
4%
Michigan Pasty
4%
Virginia Peanut Soup
4%
West Virginia Pepperoni Rolls
4%
Washington Seafood Chowder
4%
South Carolina She-Crab Soup
4%
Maryland Steamed Crabs
4%
Iowa Sweet Corn
4%
No matching quizzes found
Score Distribution
Percent of People with Each Score
Percentile by Number Answered
Your Score History
You have not taken this quiz